5G Outlook - Innovations and Applications.

5G Outlook - Innovations and Applications is a collection of the recent research and development in the area of the Fifth Generation Mobile Technology (5G), the future of wireless communications. Plenty of novel ideas and knowledge of the 5G are presented in this book as well as divers applications...

Full description

Bibliographic Details
Main Author: Prasad, Ramjee.
Format: eBook
Language:English
Published: Milton : River Publishers, 2016.
Edition:1st ed.
Subjects:
Online Access:Click to View
LEADER 01751nam a22003613i 4500
001 EBC7245376
003 MiAaPQ
005 20231204023229.0
006 m o d |
007 cr cnu||||||||
008 231204s2016 xx o ||||0 eng d
020 |a 9781000795240  |q (electronic bk.) 
020 |z 9788793379770 
035 |a (MiAaPQ)EBC7245376 
035 |a (Au-PeEL)EBL7245376 
035 |a (OCoLC)1378935881 
040 |a MiAaPQ  |b eng  |e rda  |e pn  |c MiAaPQ  |d MiAaPQ 
100 1 |a Prasad, Ramjee. 
245 1 0 |a 5G Outlook - Innovations and Applications. 
250 |a 1st ed. 
264 1 |a Milton :  |b River Publishers,  |c 2016. 
264 4 |c Ã2016. 
300 |a 1 online resource (259 pages) 
336 |a text  |b txt  |2 rdacontent 
337 |a computer  |b c  |2 rdamedia 
338 |a online resource  |b cr  |2 rdacarrier 
520 |a 5G Outlook - Innovations and Applications is a collection of the recent research and development in the area of the Fifth Generation Mobile Technology (5G), the future of wireless communications. Plenty of novel ideas and knowledge of the 5G are presented in this book as well as divers applications from health science to business modeling. 
588 |a Description based on publisher supplied metadata and other sources. 
590 |a Electronic reproduction. Ann Arbor, Michigan : ProQuest Ebook Central, 2023. Available via World Wide Web. Access may be limited to ProQuest Ebook Central affiliated libraries.  
655 4 |a Electronic books. 
776 0 8 |i Print version:  |a Prasad, Ramjee  |t 5G Outlook - Innovations and Applications  |d Milton : River Publishers,c2016  |z 9788793379770 
797 2 |a ProQuest (Firm) 
856 4 0 |u https://ebookcentral.proquest.com/lib/matrademy/detail.action?docID=7245376  |z Click to View